<?xml version="1.0" encoding="UTF-8"?>
<collection xmlns:xsi="http://www.w3.org/2001/XMLSchema-instance" xsi:schemaLocation="http://www.loc.gov/MARC21/slim http://www.loc.gov/standards/marcxml/schema/MARC21slim.xsd" xmlns="http://www.loc.gov/MARC21/slim">
 <record>
  <leader>00000cam a22000004a 4500</leader>
  <controlfield tag="001">UP-8027390931312409365</controlfield>
  <controlfield tag="003">Buklod</controlfield>
  <controlfield tag="005">20140320113919.0</controlfield>
  <controlfield tag="006">o--- |     ||   ||</controlfield>
  <controlfield tag="007">ta</controlfield>
  <controlfield tag="008">120308s2013    nyua    rb   |001 0|eng d</controlfield>
  <datafield tag="020" ind1=" " ind2=" ">
   <subfield code="a">9780415890281 (hardcover)</subfield>
  </datafield>
  <datafield tag="020" ind1=" " ind2=" ">
   <subfield code="a">9780415890304 (pbk.)</subfield>
  </datafield>
  <datafield tag="020" ind1=" " ind2=" ">
   <subfield code="a">9780203097434 (ebook)</subfield>
  </datafield>
  <datafield tag="035" ind1=" " ind2=" ">
   <subfield code="a">(iLib)UPCEB-00008023330</subfield>
  </datafield>
  <datafield tag="040" ind1=" " ind2=" ">
   <subfield code="a">DLC</subfield>
   <subfield code="c">DLC</subfield>
   <subfield code="d">DLC</subfield>
  </datafield>
  <datafield tag="082" ind1="0" ind2="0">
   <subfield code="a">070.4</subfield>
   <subfield code="2">23</subfield>
  </datafield>
  <datafield tag="090" ind1=" " ind2="0">
   <subfield code="a">PN 4784 O62</subfield>
   <subfield code="b">K664 2013</subfield>
  </datafield>
  <datafield tag="100" ind1="1" ind2=" ">
   <subfield code="a">Kolodzy, Janet</subfield>
   <subfield code="d">1955-</subfield>
  </datafield>
  <datafield tag="245" ind1="1" ind2="0">
   <subfield code="a">Practicing convergence journalism</subfield>
   <subfield code="b">an introduction to cross-media storytelling</subfield>
   <subfield code="c">Janet Kolodzy.</subfield>
  </datafield>
  <datafield tag="264" ind1=" " ind2="1">
   <subfield code="a">New York, NY</subfield>
   <subfield code="b">Routledge</subfield>
   <subfield code="c">2013.</subfield>
  </datafield>
  <datafield tag="300" ind1=" " ind2=" ">
   <subfield code="a">xi, 202 p.</subfield>
   <subfield code="b">ill.</subfield>
   <subfield code="c">27 cm.</subfield>
  </datafield>
  <datafield tag="504" ind1=" " ind2=" ">
   <subfield code="a">Includes bibliographical references (p. 184-189) and index.</subfield>
  </datafield>
  <datafield tag="505" ind1="0" ind2=" ">
   <subfield code="a">Preface: what is new about today's news audiences -- What's old is new, what's new is old; Text box: what is newsworthy; Text box: Las Vegas Sun -- Eight elements of a news story and the tools to build it; Text box: GlobalPost.com -- Sources and background information: reporting before the reporting; Text box: my five tips for more focused searches; Text box: U.S. courts basics; Text box: Storify.com -- Sources and background information: reporting before the reporting; Text box: Twitter on the beat -- Law &amp; ethics: reporting rules of the road; Text box : trust but verify; Text box : Storify.com -- Building the spot single story; Text box: types of leads;  Text box: story types; Text box: breaking news and making connections -- Capturing context and tone: using words, pictures and/or sound; Text box : practicing convergence in sports -- Packaging the story: the daily wrap; Text box : the story is dead,  long live the story; Text box : the print or text story; Text box: the radio script; Text box: the video script -- The multimedia story: how to help audiences get what they want; Text box: Andy Carvin and curating news -- Feature or enterprise news stories; Text box: what makes someone a good profile subject; Text box: the Christian science monitor -- Digital storytelling: design and data -- Law and ethics: producing and disseminating news.</subfield>
  </datafield>
  <datafield tag="650" ind1=" " ind2="0">
   <subfield code="a">Online journalism.</subfield>
  </datafield>
  <datafield tag="650" ind1=" " ind2="0">
   <subfield code="a">Reporters and reporting.</subfield>
  </datafield>
  <datafield tag="650" ind1=" " ind2="0">
   <subfield code="a">Broadcast journalism.</subfield>
  </datafield>
  <datafield tag="650" ind1=" " ind2="0">
   <subfield code="a">Convergence (Telecommunication)</subfield>
  </datafield>
  <datafield tag="852" ind1="0" ind2=" ">
   <subfield code="a">UPCEB</subfield>
   <subfield code="b">CEBU-LAHUG</subfield>
   <subfield code="h">PN 4784 O62 K664 2013</subfield>
  </datafield>
  <datafield tag="942" ind1=" " ind2=" ">
   <subfield code="a">Book</subfield>
  </datafield>
 </record>
</collection>
